Chặng đường mới của văn học Việt Nam Tiểu luận nghiên cứu văn học

Đã lưu trong:
书目详细资料
主要作者: Chặng đường mới của văn học Việt Nam
格式: 图书
语言:Undetermined
出版: Hà Nội Văn học 1998
主题:
标签: 添加标签
没有标签, 成为第一个标记此记录!
Thư viện lưu trữ: Trung tâm Học liệu Trường Đại học Cần Thơ
LEADER 00705nam a2200181Ia 4500
001 CTU_46633
008 210402s9999 xx 000 0 und d
082 |a 895.92201 
082 |b Đ552c 
100 |a Chặng đường mới của văn học Việt Nam 
245 0 |a Chặng đường mới của văn học Việt Nam 
245 0 |b Tiểu luận nghiên cứu văn học 
245 0 |c Chặng đường mới của văn học Việt Nam; Biên soạn: Hà Minh Đức 
260 |a Hà Nội 
260 |b Văn học 
260 |c 1998 
650 |a vietnamese literature - history and criticism 
980 |a Trung tâm Học liệu Trường Đại học Cần Thơ